El grupo a nivel cumbre de países en desarrollo
Salvato in:
| Ente Autore: | |
|---|---|
| Natura: | testo |
| Pubblicazione: |
Genova:
Grupo de los quince
|
| Tags: |
Aggiungi Tag
Nessun Tag, puoi essere il primo ad aggiungerne!!
|
MARC
| LEADER | 00000 a a2200000 04500 | ||
|---|---|---|---|
| 001 | 23381 | ||
| 003 | |||
| 040 | |||
| 090 | |a 162700 | ||
| 110 | |a Grupo de los quince | ||
| 245 | |a El grupo a nivel cumbre de países en desarrollo | ||
| 260 | |a Genova: |b Grupo de los quince | ||
| 300 | |a 41 p. | ||
| 999 | |c 14645 |d 14645 | ||
